| 000 | 01647cam a2200397 a 4500 | ||
|---|---|---|---|
| 001 | sailorsdaughter100cunn | ||
| 003 | CaSfIA | ||
| 005 | 20210119080059.0 | ||
| 007 | cr|||| | ||
| 008 | 940405s1993 stkacj 001 0aeng | ||
| 040 |
_aUKM _cUKM _dNLE _dCaSfIA |
||
| 015 | _aGB94-21423 | ||
| 020 | _a0952263203 (pbk) | ||
| 020 | _a9780952263203 (pbk) | ||
| 035 | _a(OCoLC)30076830 | ||
| 082 | 0 | 4 |
_a941.085092 _220 |
| 100 | 1 | _aCunninghame Graham, Jean. | |
| 245 | 1 | 0 |
_aSailor's daughter : _h[electronic resource] _b1928-1946 / _cJean Cunninghame Graham ; prefaces by Richard Hough and Admiral Sir Julian Oswald. |
| 260 |
_aHawick : _bLady Polwarth, _cc1993. |
||
| 300 |
_axiv, 186 p., [32] p. of plates : _bill., 1 geneal. table, ports. ; _c21 cm. |
||
| 500 | _aIncludes index. | ||
| 653 | 0 | _aSocial life | |
| 653 | 0 | _aGreat Britain | |
| 600 | 1 | 0 | _aCunninghame Graham, Jean. |
| 856 | 4 | 1 |
_uhttp://www.archive.org/details/sailorsdaughter100cunn _zFree eBook from the Internet Archive |
| 856 | 4 | 2 |
_uhttp://www.openlibrary.org/books/OL20081349M _zAdditional information and access via Open Library |
| 029 | 0 |
_aUKM _bb9421423 |
|
| 029 | 1 |
_aUNITY _b038593181 |
|
| 029 | 1 |
_aUKWSX _b0952263203 |
|
| 029 | 1 |
_aUKWBK _b0952263203 |
|
| 029 | 1 |
_aUKHCL _b0952263203 |
|
| 029 | 1 |
_aUKRFW _b0952263203 |
|
| 942 | _cEB | ||
| 506 | _fНеобхідна авторизація на https://archive.org/ (створення облікового запису безкоштовно) | ||
| 506 | _fНеобхідна авторизація на https://openlibrary.org/ (створення облікового запису безкоштовно) | ||
| 999 |
_c545358 _d545358 |
||